Tom and Keri (Запись № 10196899)
[ простой вид ]
| 000 -МАРКЕР | |
|---|---|
| контрольное поле | 01418nam0a2200349 4500 |
| 001 - ИДЕНТИФИКАТОР ЗАПИСИ | |
| контрольное поле | RU\NLR\BIBL_A\010516341 |
| 005 - ИДЕНТИФИКАТОР ВЕРСИИ | |
| контрольное поле | 20250614062459.0 |
| 010 ## - МЕЖДУНАРОДНЫЙ СТАНДАРТНЫЙ НОМЕР КНИГИ (ISBN) | |
| Номер (ISBN) | 978-5-906730-16-9 |
| 021 ## - НОМЕР ГОСУДАРСТВЕННОЙ РЕГИСТРАЦИИ | |
| Код страны | российская федерация |
| Номер | 2016-25236 |
| Номер Листа государственной регистраци | 1611 |
| 021 ## - НОМЕР ГОСУДАРСТВЕННОЙ РЕГИСТРАЦИИ | |
| Код страны | российская федерация |
| Номер | 2014-62761 |
| Номер Листа государственной регистраци | 3817 |
| 035 ## - ДРУГИЕ СИСТЕМНЫЕ НОМЕРА | |
| Идентификатор записи | (NLR Aleph) 010516341 |
| 100 ## - ДАННЫЕ ОБЩЕЙ ОБРАБОТКИ | |
| Данные общей обработки | 20141029d2014 |||y0rusy50 ca |
| 101 1# - ЯЗЫК РЕСУРСА | |
| Язык текста, звукозаписи и т.д. | русский |
| -- | английский |
| 102 ## - СТРАНА ПУБЛИКАЦИИ ИЛИ ПРОИЗВОДСТВА | |
| Страна публикации | российская федерация |
| 105 ## - ПОЛЕ КОДИРОВАННЫХ ДАННЫХ: ТЕКСТОВЫЕ МАТЕРИАЛЫ, МОНОГРАФИЧЕСКИЕ | |
| Кодированные данные о монографическом текстовом документе | ag j 000yy |
| 200 1# - ЗАГЛАВИЕ И СВЕДЕНИЯ ОБ ОТВЕТСТВЕННОСТИ | |
| Основное заглавие | Tom and Keri |
| Сведения, относящиеся к заглавию | азбука |
| -- | [пособие для изучения английского языка детьми 3-6 лет] |
| Первые сведения об ответственности | Клэр Селби |
| 210 ## - ПУБЛИКАЦИЯ, РАСПРОСТРАНЕНИЕ И ДР. | |
| Место издания, распространения и т.д. | Москва |
| Имя издателя, распространителя и т. д. | Билингва |
| Дата издания, распространения и т.д. | 2014 |
| 215 ## - ФИЗИЧЕСКАЯ ХАРАКТЕРИСТИКА | |
| Специфическое обозначение материала и объем | 58, [4] с. |
| Другие сведения о физической характеристике | цв. ил., ноты |
| Размеры | 15x21 |
| Сопроводительный материал | 1 электрон. опт. диск (DVD-ROM) |
| 225 1# - СЕРИЯ | |
| Основное заглавие серии | Love to learn English |
| 300 ## - ОБЩИЕ ПРИМЕЧАНИЯ | |
| Текст примечания | В макете загл.: Том и Кери |
| 311 ## - ПРИМЕЧАНИЯ, ОТНОСЯЩИЕСЯ К ПОЛЯМ СВЯЗИ (ПРИМЕЧАНИЯ О СВЯЗИ С ДРУГИМИ ПРОИЗВЕДЕНИЯМИ (ИЗДАНИЯМИ)) | |
| Текст примечания | Прил. к мультсериалу "Том и Кери" |
| 422 #0 - ИЗДАНИЕ, К КОТОРОМУ ОТНОСИТСЯ ПРИЛОЖЕНИЕ | |
| Встроенное поле | 2001#$aТом и Кери$eмультсериал |
| Заглавие | Том и Кери |
| 517 1# - ДРУГИЕ ВАРИАНТЫ ЗАГЛАВИЯ | |
| Вариант заглавия | Том и Кери |
| 606 1# - НАИМЕНОВАНИЕ ТЕМЫ КАК ПРЕДМЕТ | |
| Наименование темы | Английский язык |
| Формальный подзаголовок | Буквари |
| Системный номер авторитетной/нормативной записи | 972309 |
| Идентификатор авторитетной/нормативной записи | RU\NLR\AUTH\6646032 |
| 686 3# - ИНДЕКСЫ ДРУГИХ КЛАССИФИКАЦИЙ | |
| Индекс | Ш143.21-93рус1б |
| 700 #1 - ИМЯ ЛИЦА - ПЕРВИЧНАЯ ОТВЕТСТВЕННОСТЬ | |
| Начальный элемент ввода | Селби |
| Часть имени, кроме начального элемента ввода | К. |
| Расширение инициалов личного имени | Клэр |
| 942 ## - ДОПОЛНИТЕЛЬНЫЕ ЭЛЕМЕНТЫ ЗАПИСИ (АБИС) | |
| Тип экземпляра АБИС | Книга |
| 980 ## - КОЛЛЕКЦИЯ | |
| Название коллекции | НБР |
| 980 ## - КОЛЛЕКЦИЯ | |
| Название коллекции | Национальная библиография |
| Тип экземпляра | Дата поступления | Источник поступления | Библиотека постоянного хранения | Библиотека текущего хранения | Место хранения | Шифр хранения | Штрих-код | Статус не для выдачи | Стоимость |
|---|---|---|---|---|---|---|---|---|---|
| Книга | 29.10.2014 | Обязательный экземпляр | РНБ (Московский) | РНБ (Московский) | Русский книжный фонд: издания с 1957 года, 8этаж | 2014-4/13710 | 1-709495 | ||
| Книга | 29.10.2014 | Обязательный экземпляр | РНБ (Московский) | РНБ (Московский) | Обменный фонд | 1-709496 | |||
| Книга | 21.04.2016 | Обязательный экземпляр | РНБ (Московский) | РНБ (Московский) | Обменный фонд | 1-1344337 | 0.00 |